000 00665nam a2200205 i 4500
001 62602
003 ES-MaACL
005 20231224062924.0
007 t|
008 031124s1952 sp ||||1| spa d
100 1 _aFernández y González, Manuel,
_d1821-1888
_950183
245 1 3 _aEl rey del puñal
_b: (novela histórica) . Segunda parte: El señor de Ariza /
_cManuel Fernández y González.
260 _aMadrid :
_bTesoro,
_c[1952] (
_fJosé Ruiz Alonso)
300 _a2 v. ;
_c19 cm.
490 1 _aCapa y espada
740 3 2 _aEl señor de Ariza.
830 1 _aCapa y espada
_9182845
852 _aES-MaACL
_jC-6266-67
999 _c62602
_d62602